01428nam a2200325 a 4500001001000000003000900010005001700019008004100036040002500077082001700102100004100119245011600160260003400276300002800310490003100338500007300369504003100442590002700473650004500500650007100545650005600616650003500672700004000707710005100747830003800798942001400836952011500850952012000965999001701085000016380DO-SdBNP20250703134136.0100304s1987 dr 000 0 spa d aDO-SdBNPbspacBNPHU a370.1bH557i1 aHernández Castillo, Ángel91744310aIntroducción a las ciencias de la educación /cÁngel Hernández Castillo ; prólogo Amarilis de Zapata. aSanto Domingo :bUASD,c1987. a286 p. :bil. ;c21 cm.1 aEducación y Sociedadv34 aIncluye referencias bibliográficas y notas al pie de las páginas aBibliografía: p. 272-286 aInventariado, 2019/MFF 4aEducaciónzRepública Dominicana9737 4aFormación profesional de maestroszRepública Dominicana917505 0aEducación y estadozRepública Dominicana951256 0aEducaciónxFilosofía931861 aZapata, Amarilis deepról.9365261 aUniversidad Autónoma de Santo Domingo972951 0aEducación y sociedadp34936527 2ddccLBS1 0010718PDaPDbPDcHDd2010-03-04iLF1l0o370.1 H557ip16380-20r2020-06-25w2020-06-25yLFPDZNo se presta 0010718PDaPDbPDcHDd2019-12-09iLF1l0o370.1 H557ip16380-30r2020-06-25te.2w2020-06-25yLFPDZNo se presta c15915d15915